<?xml version="1.0" encoding="UTF-8"?>
<record
    xmlns:xsi="http://www.w3.org/2001/XMLSchema-instance"
    xsi:schemaLocation="http://www.loc.gov/MARC21/slim http://www.loc.gov/standards/marcxml/schema/MARC21slim.xsd"
    xmlns="http://www.loc.gov/MARC21/slim">

  <leader>00961cam a2200253 a 4500</leader>
  <datafield tag="999" ind1=" " ind2=" ">
    <subfield code="c">7241</subfield>
    <subfield code="d">7241</subfield>
  </datafield>
  <controlfield tag="001">40450966</controlfield>
  <controlfield tag="003">LTSCA</controlfield>
  <controlfield tag="005">20190131130708.0</controlfield>
  <controlfield tag="008">981207s1945    pauab         000 0 eng d</controlfield>
  <datafield tag="010" ind1=" " ind2=" ">
    <subfield code="a">45002903</subfield>
  </datafield>
  <datafield tag="040" ind1=" " ind2=" ">
    <subfield code="a">KAT</subfield>
    <subfield code="c">KAT</subfield>
    <subfield code="d">OCL</subfield>
    <subfield code="d">OUN</subfield>
    <subfield code="d">SER</subfield>
    <subfield code="d">NLGGC</subfield>
    <subfield code="d">MUQ</subfield>
    <subfield code="d">DRB</subfield>
    <subfield code="d">OCLCG</subfield>
    <subfield code="d">OKR</subfield>
    <subfield code="d">RTM</subfield>
  </datafield>
  <datafield tag="050" ind1="0" ind2="0">
    <subfield code="a">BS630</subfield>
    <subfield code="b">.W7 1956</subfield>
  </datafield>
  <datafield tag="082" ind1="0" ind2=" ">
    <subfield code="a">REF 220.91</subfield>
  </datafield>
  <datafield tag="100" ind1="1" ind2=" ">
    <subfield code="a">Wright, G. Ernest</subfield>
    <subfield code="q">(George Ernest),</subfield>
    <subfield code="d">1909-1974</subfield>
  </datafield>
  <datafield tag="245" ind1="1" ind2="4">
    <subfield code="a">The Westminster historical atlas to the Bible /</subfield>
    <subfield code="c">edited by George Ernest Wright and Floyd Vivian Filson ; with an introductory article by William Foxwell Albright</subfield>
  </datafield>
  <datafield tag="260" ind1=" " ind2=" ">
    <subfield code="a">Philadelphia, PA :</subfield>
    <subfield code="b">The Westminster Press,</subfield>
    <subfield code="c">c1945</subfield>
  </datafield>
  <datafield tag="300" ind1=" " ind2=" ">
    <subfield code="a">114 p. :</subfield>
    <subfield code="b">ill., maps. ;</subfield>
    <subfield code="c">40 cm</subfield>
  </datafield>
  <datafield tag="490" ind1="1" ind2=" ">
    <subfield code="a">Westminster aids to the study of the Scriptures</subfield>
  </datafield>
  <datafield tag="630" ind1="0" ind2="0">
    <subfield code="a">Bible</subfield>
    <subfield code="x">Geography</subfield>
    <subfield code="v">Maps</subfield>
  </datafield>
  <datafield tag="630" ind1="0" ind2="0">
    <subfield code="a">Bible</subfield>
    <subfield code="x">Geography</subfield>
  </datafield>
  <datafield tag="700" ind1="1" ind2=" ">
    <subfield code="a">Filson, Floyd Vivian,</subfield>
    <subfield code="d">1896-1980</subfield>
  </datafield>
  <datafield tag="830" ind1=" " ind2="0">
    <subfield code="a">Westminster aids to the study of the Scriptures</subfield>
  </datafield>
  <datafield tag="942" ind1=" " ind2=" ">
    <subfield code="2">ddc</subfield>
    <subfield code="c">REF</subfield>
  </datafield>
  <datafield tag="952" ind1=" " ind2=" ">
    <subfield code="0">0</subfield>
    <subfield code="1">0</subfield>
    <subfield code="2">ddc</subfield>
    <subfield code="4">0</subfield>
    <subfield code="7">0</subfield>
    <subfield code="8">NFIC</subfield>
    <subfield code="a">HMC</subfield>
    <subfield code="b">HMC</subfield>
    <subfield code="c">GEN</subfield>
    <subfield code="d">2019-01-31</subfield>
    <subfield code="g">2850.00</subfield>
    <subfield code="l">0</subfield>
    <subfield code="o">REF 220.91</subfield>
    <subfield code="p">008130</subfield>
    <subfield code="r">2019-01-31 00:00:00</subfield>
    <subfield code="w">2019-01-31</subfield>
    <subfield code="y">REF</subfield>
  </datafield>
</record>
